Âm nhạc mới dành cho học sinh tiểu học, tập 2

Saved in:
Bibliographic Details
Format: Book
Tags: Add Tag
No Tags, Be the first to tag this record!
Institutions: Mạng thư viện Đại học Đà Nẵng
LEADER 00431nam a22001691a 4500
001 000039603
003 15898
005 20160412022623.0
008 160412s0 000
082 |a 4N(TK)218 
245 |a Âm nhạc mới dành cho học sinh tiểu học, tập 2 
OWN |a LNN 
999 |a From the UDN01 
TYP |a Monograph 
980 |a Mạng thư viện Đại học Đà Nẵng